| 000 | 01570cam a22003974i 4500 | ||
|---|---|---|---|
| 003 | PE-LiUPU | ||
| 005 | 20250731172926.0 | ||
| 008 | 150623s1969 wau r 000 0 eng d | ||
| 035 | _a(Sirsi) a20396 | ||
| 040 |
_aPE-LiUPU _bspa _cPE-LiUPU _erda |
||
| 082 | 0 | 4 |
_a263.1 _bA557s _223 |
| 100 | 1 |
_aAndreasen, M. L., _eautor. |
|
| 245 | 1 | 4 |
_aThe Sabbath: which day and why? / _cM. L. Andreasen. |
| 264 | 1 |
_aTakoma Park, Washington, D.C. : _bReview and Herald Publishing Association, _c1969. |
|
| 300 |
_a312 páginas ; _c17 centímetros. |
||
| 336 |
_atext _2rdacontent |
||
| 337 |
_aunmediated _2rdamedia |
||
| 338 |
_avolume _2rdacarrier |
||
| 505 | 0 | _aThe sabbath -- An enemy of the sabbath -- The sabbath commandment -- The firts sabbath -- The sabbath at Sinaí -- The sabbath in the old testament -- Christ and the Law -- Jesus and Tradition -- Has the sabbath been changed? -- Sunday in the new testament -- Some questions answered -- Under grace -- God`s sing and seal -- Sabbath Reformation -- The final controversy. | |
| 526 | _aSEG42 | ||
| 526 | _aSEG41 | ||
| 526 | _aSEG40 | ||
| 526 | _aSEG39 | ||
| 526 | _aP94 | ||
| 526 | _aP87 | ||
| 526 | _aP86 | ||
| 526 | _aP85 | ||
| 526 | _aP77 | ||
| 526 | _aP76 | ||
| 526 | _aP35 | ||
| 650 | 0 | 0 |
_aSábado _xEnseñanza bíblica. _92372 |
| 942 |
_2ddc _cBK _n0 |
||
| 949 |
_a263.1 A57 _wDEWEY _c2 _i43880 _lCCODEBUL1 _mBUL _p35 _r0 _sY _tBOOK _u2015-06-24 _xTEOLOGIA _0COMPRA _o.STAFF. Colección Teología |
||
| 980 |
_81 _gALBERTO SANCHEZ Responsable de Automatización |
||
| 999 |
_c20338 _d20338 |
||